00985nam a2200229 a 450000100100000000500170001000800410002702000150006804000250008308200170010810000450012524501420017026000410031230000210035349000550037450400740042970000440050383000610054704900090060895201210061799900170073800002508120200930023542.0110209s1981 sp a r 000 0 spa d a8427605552 aDO-SdBNPbspacBNPHU axxxxxbS118n1 aSabuco de Nantes y Barrera, Oliva95146710aNueva filosofía de la naturaleza del hombre y otros escritos /cOliva Sabuco de Nantes y Barrera ; edición Atilano Martínez Tomé. aMadrid, España :bNacional,c1981. a297 p. ;c21 cm.1 aBiblioteca de visionarios heterodoxos y marginados aIncluye referencias bibliográficas y notas al pie de las páginas.1 aMartínez Tomé, Atilano,eed.951468 0aBiblioteca de visionarios heterodoxos y marginados98623 aBNGR 001054708MOaGRbGRcCTd2011-02-09iLF1l0oxxxxx S118np25081-10r2020-06-25w2020-06-25y4ZPréstamo en sala c24574d24574